00815nam a2200241 a 450000100060000000300080000600500170001400800410003102000150007202000230008703500190011004000270012904100080015608200290016410000350019324500940022825000120032226000630033430000330039750400530043065000450048365000450052854886BD-RjUL20211209080200.0161112s2000 enka b 001 0 eng  a0340652632 a0470236523 (Wiley) a(BD-RjUL)55008 aDLCcDLCdBD-RjULbeng aeng00a304.20973 223bJOG 20001 aJohnston, R. J.q(Ronald John)10aGeography and geographers :bAnglo-American human geography since 1945 /cR.J. Johnston. a5th ed. aLondon :bOxford University Press,cc1997 [Reprint 2000] . axx, 475 p. :bill. ;c24 cm. aIncludes bibliographical references and indexes. 0aHuman geographyzUnited StatesxHistory. 0aHuman geographyzGreat BritainxHistory.